Sports Quiz

Random Sports or Basketball Quiz

NBA Career Assist Leaders Quiz Stats

 Plays Quiz Updated Jun 1, 2019

Score 0/27 Timer 07:00
8 Plays Today
Assists Player % Correct
15,806John Stockton
93.1%
10,335Steve Nash
86.3%
12,091Jason Kidd
85.8%
10,141Magic Johnson
85.4%
6,711Kevin Johnson
82.8%
8,662*LeBron James
82.5%
9,181*Chris Paul
79.1%
6,897*Russell Westbrook
70.6%
7,036*Tony Parker
57.6%
9,061Isiah Thomas
55.4%
10,334Mark Jackson
53.3%
9,887Oscar Robertson
52.3%
6,955Bob Cousy
51.5%
8,966Gary Payton
49.6%
Assists Player % Correct
8,524Andre Miller
44.5%
7,095Tim Hardaway
35.4%
6,476Nate Archibald
27.1%
7,392Maurice Cheeks
26.6%
6,471Stephon Marbury
25.6%
6,819Deron Williams
25%
6,726Muggsy Bogues
22%
6,577Derek Harper
21.4%
7,160Terry Porter
20.6%
7,987Rod Strickland
18.9%
7,211Lenny Wilkens
16.5%
6,975*Rajon Rondo
16.2%
6,917Guy Rodgers
7.9%

You're not logged in!

Compare scores with friends on all Sporcle quizzes.
OR
Log In

Sporcle TV

Today on Sporcle TV


Watch our educational content, quiz creation guides, and fun videos on Sporcle TV.

Show Comments

Extras

Top Quizzes Today


Score Distribution

Your Account Isn't Verified!

In order to create a playlist on Sporcle, you need to verify the email address you used during registration. Go to your Sporcle Settings to finish the process.

Report this User

Report this user for behavior that violates our Community Guidelines.

Details: